European countries with female prime minister - Sudden Death - Statistics

General Stats
  • This quiz has been taken 25 times
    13 since last reset
  • The average score is 3 of 9
Answers on the Grid
Answers color-coded by a green-red scale on the quiz's grid according to % correct below.
Albania
Andorra
Austria
Belarus
Belgium
Bosnia and Herzegovina
Bulgaria
Croatia
Czechia
Denmark
Estonia
Finland
France
Germany
Greece
Hungary
Iceland
Ireland
Italy
Kosovo
Latvia
Liechtenstein
Lithuania
Luxembourg
Malta
Moldova
Monaco
Montenegro
Netherlands
North Macedonia
Norway
Poland
Portugal
Romania
Russia
San Marino
Serbia
Slovakia
Slovenia
Spain
Sweden
Switzerland
Ukraine
United Kingdom
Vatican City
 
Answer Stats
Answer % Correct
Italy
80%
Iceland
60%
Denmark
40%
Bosnia and Herzegovina
20%
Latvia
20%
Lithuania
20%
Liechtenstein
10%
Ukraine
10%
Vatican City
10%
No matching quizzes found
Score Distribution
Percent of People with Each Score
Percentile by Number Answered
Your Score History
You have not taken this quiz since the last reset